[Event "MP do 18 lat - chlopcy"]
[Site "Sypniewo"]
[Date "2022.03.21"]
[Round "3.15"]
[White "Bartlomowicz, Jakub"]
[Black "Gorkiewicz, Mateusz"]
[Result "1/2-1/2"]
[BlackElo "2073"]
[WhiteElo "1774"]
[LiveChessVersion "1.4.8"]

1. e4 {[%clk 1:30:57]} e5 {[%clk 1:30:50]} 2. Nf3 {[%clk 1:30:51]} Nc6
{[%clk 1:31:06]} 3. Bc4 {[%clk 1:30:18]} Bc5 {[%clk 1:31:12]} 4. c3
{[%clk 1:28:17]} Nf6 {[%clk 1:31:23]} 5. d3 {[%clk 1:26:45]} a6 {[%clk 1:31:21]}
6. Bb3 {[%clk 1:24:37]} Ba7 {[%clk 1:31:24]} 7. Nbd2 {[%clk 1:20:50]} O-O
{[%clk 1:30:05]} 8. O-O {[%clk 1:19:31]} h6 {[%clk 1:29:46]} 9. h3
{[%clk 1:17:50]} d6 {[%clk 1:29:45]} 10. Re1 {[%clk 1:15:47]} Re8
{[%clk 1:29:27]} 11. Nf1 {[%clk 1:14:22]} Ne7 {[%clk 1:29:21]} 12. Ng3
{[%clk 1:11:47]} Ng6 {[%clk 1:29:31]} 13. d4 {[%clk 1:11:31]} b5 {[%clk 1:29:01]}
14. a4 {[%clk 1:04:52]} Bb7 {[%clk 1:29:11]} 15. axb5 {[%clk 0:55:04]} axb5
{[%clk 1:29:10]} 16. Bc2 {[%clk 0:53:24]} Bb6 {[%clk 1:28:12]} 17. Rxa8
{[%clk 0:51:51]} Bxa8 {[%clk 1:18:29]} 18. Qd3 {[%clk 0:39:43]} Qd7
{[%clk 1:16:09]} 19. d5 {[%clk 0:31:42]} c6 {[%clk 1:06:30]} 20. dxc6
{[%clk 0:30:58]} Bxc6 {[%clk 1:06:13]} 21. Bb3 {[%clk 0:24:31]} Nf4
{[%clk 0:56:31]} 22. Qc2 {[%clk 0:23:04]} Qb7 {[%clk 0:50:27]} 23. Nh4
{[%clk 0:12:15]} d5 {[%clk 0:42:31]} 24. Nhf5 {[%clk 0:10:50]} Qc7
{[%clk 0:37:56]} 25. exd5 {[%clk 0:10:46]} Bxd5 {[%clk 0:35:51]} 26. Bxf4
{[%clk 0:09:48]} exf4 {[%clk 0:30:18]} 27. Rxe8+ {[%clk 0:10:01]} Nxe8
{[%clk 0:30:42]} 28. Ne2 {[%clk 0:06:58]} Bxb3 {[%clk 0:23:06]} 29. Qxb3
{[%clk 0:07:24]} Qe5 {[%clk 0:23:02]} 30. Qc2 {[%clk 0:07:40]} Nf6
{[%clk 0:22:06]} 31. Nfd4 {[%clk 0:05:40]} Ne4 {[%clk 0:19:58]} 32. Qd3
{[%clk 0:05:08]} Nd6 {[%clk 0:18:47]} 33. Nf3 {[%clk 0:03:44]} Qc5
{[%clk 0:12:01]} 34. Nfd4 {[%clk 0:02:51]} g5 {[%clk 0:11:28]} 35. b4
{[%clk 0:02:00]} Qd5 {[%clk 0:11:17]} 36. h4 {[%clk 0:01:39]} Bc7
{[%clk 0:08:33]} 37. hxg5 {[%clk 0:01:50]} hxg5 {[%clk 0:08:20]} 38. Qf3
{[%clk 0:02:06]} Qxf3 {[%clk 0:06:15]} 39. Nxf3 {[%clk 0:02:34]} f6
{[%clk 0:06:29]} 40. Ned4 {[%clk 0:32:50]} Bb6 {[%clk 0:35:25]} 41. Kf1
{[%clk 0:27:32]} g4 {[%clk 0:29:38]} 42. Nd2 {[%clk 0:27:39]} Bxd4
{[%clk 0:29:14]} 43. cxd4 {[%clk 0:28:05]} Kf7 {[%clk 0:29:12]} 44. Ke2
{[%clk 0:28:23]} Nf5 {[%clk 0:17:32]} 45. Kd3 {[%clk 0:27:39]} Nh4
{[%clk 0:17:40]} 46. g3 {[%clk 0:27:23]} fxg3 {[%clk 0:17:30]} 47. fxg3
{[%clk 0:27:51]} Nf5 {[%clk 0:17:25]} 48. Nf1 {[%clk 0:28:10]} Ke6
{[%clk 0:17:15]} 49. Ke4 {[%clk 0:24:44]} Nd6+ {[%clk 0:16:48]} 50. Kf4
{[%clk 0:21:09]} Kd5 {[%clk 0:13:52]} 51. Ne3+ {[%clk 0:21:17]} Kxd4
{[%clk 0:14:12]} 52. Nxg4 {[%clk 0:21:44]} Ne4 {[%clk 0:09:55]} 53. Nh6
{[%clk 0:17:15]} Nf2 {[%clk 0:06:32]} 54. Nf5+ {[%clk 0:16:17]} Kd5
{[%clk 0:05:11]} 55. Ne3+ {[%clk 0:16:33]} Kd4 {[%clk 0:03:51]} 1/2-1/2

[Event "MP do 18 lat - chlopcy"]
[Site "Sypniewo"]
[Date "2022.03.21"]
[Round "3.16"]
[White "Czechowski, Jakub"]
[Black "Malik, Maciej"]
[Result "1-0"]
[BlackElo "1912"]
[WhiteElo "2036"]
[LiveChessVersion "1.4.8"]

1. d4 {[%clk 1:30:59]} g6 {[%clk 1:30:20]} 2. c4 {[%clk 1:31:24]} Nf6
{[%clk 1:29:56]} 3. Nc3 {[%clk 1:31:48]} Bg7 {[%clk 1:29:19]} 4. e4
{[%clk 1:32:13]} d6 {[%clk 1:29:45]} 5. h3 {[%clk 1:32:39]} O-O {[%clk 1:26:15]}
6. Be3 {[%clk 1:33:03]} e5 {[%clk 1:21:54]} 7. d5 {[%clk 1:33:08]} c6
{[%clk 1:16:24]} 8. g4 {[%clk 1:33:06]} cxd5 {[%clk 1:14:46]} 9. cxd5
{[%clk 1:33:28]} Bd7 {[%clk 1:11:53]} 10. Nge2 {[%clk 1:33:31]} Qa5
{[%clk 1:08:22]} 11. Ng3 {[%clk 1:33:16]} Rc8 {[%clk 1:02:31]} 12. Qd2
{[%clk 1:31:46]} Na6 {[%clk 1:00:47]} 13. a3 {[%clk 1:15:36]} Qd8
{[%clk 0:54:16]} 14. b4 {[%clk 1:13:21]} Rc7 {[%clk 0:52:20]} 15. Rc1
{[%clk 1:10:36]} Be8 {[%clk 0:42:40]} 16. Bh6 {[%clk 0:51:31]} Nd7
{[%clk 0:25:44]} 17. Be3 {[%clk 0:40:25]} Nb6 {[%clk 0:25:15]} 18. Rg1
{[%clk 0:35:54]} Rac8 {[%clk 0:23:38]} 19. Bxb6 {[%clk 0:24:03]} axb6
{[%clk 0:24:01]} 20. g5 {[%clk 0:24:21]} Bd7 {[%clk 0:18:00]} 21. h4
{[%clk 0:23:24]} Qe8 {[%clk 0:15:48]} 22. Bd3 {[%clk 0:20:12]} Qf8
{[%clk 0:14:29]} 23. f3 {[%clk 0:15:49]} f5 {[%clk 0:11:38]} 24. Ke2
{[%clk 0:13:21]} f4 {[%clk 0:06:42]} 25. Nh1 {[%clk 0:13:41]} Qe8
{[%clk 0:06:53]} 26. Nf2 {[%clk 0:13:54]} Kf7 {[%clk 0:05:12]} 27. Na2
{[%clk 0:09:46]} Bb5 {[%clk 0:04:54]} 28. Ng4 {[%clk 0:08:17]} Bc4
{[%clk 0:03:59]} 29. Bxc4 {[%clk 0:07:15]} Rxc4 {[%clk 0:04:24]} 30. Rxc4
{[%clk 0:07:35]} Rxc4 {[%clk 0:04:52]} 31. Rc1 {[%clk 0:07:50]} Qc8
{[%clk 0:04:27]} 32. Rc3 {[%clk 0:07:17]} Rxe4+ {[%clk 0:01:31]} 33. fxe4
{[%clk 0:06:29]} Qxg4+ {[%clk 0:01:59]} 34. Kf1 {[%clk 0:05:48]} Qxh4
{[%clk 0:02:02]} 35. Qg2 {[%clk 0:04:56]} Qh5 {[%clk 0:01:52]} 36. Ke1
{[%clk 0:04:08]} h6 {[%clk 0:01:37]} 37. gxh6 {[%clk 0:04:26]} Bf6
{[%clk 0:02:06]} 38. Qh3 {[%clk 0:04:01]} Qh4+ {[%clk 0:01:40]} 39. Ke2
{[%clk 0:03:44]} f3+ {[%clk 0:01:43]} 40. Qxf3 {[%clk 0:32:23]} Qxh6
{[%clk 0:31:34]} 41. Qh3 {[%clk 0:28:57]} Qf4 {[%clk 0:31:25]} 42. Qh7+
{[%clk 0:28:52]} Bg7 {[%clk 0:31:46]} 43. Rf3 {[%clk 0:29:19]} 1-0

[Event "MP do 18 lat - chlopcy"]
[Site "Sypniewo"]
[Date "2022.03.21"]
[Round "3.17"]
[White "Stachecki, Mikolaj"]
[Black "Jedrusik, Adam"]
[Result "1-0"]
[BlackElo "1937"]
[WhiteElo "1837"]
[LiveChessVersion "1.4.8"]

1. e4 {[%clk 1:30:57]} d6 {[%clk 1:30:57]} 2. d4 {[%clk 1:31:09]} Nf6
{[%clk 1:31:22]} 3. Nc3 {[%clk 1:31:25]} g6 {[%clk 1:31:47]} 4. Be3
{[%clk 1:31:37]} c6 {[%clk 1:32:12]} 5. f4 {[%clk 1:14:20]} Bg7 {[%clk 1:30:50]}
6. Nf3 {[%clk 1:12:46]} O-O {[%clk 1:29:52]} 7. h3 {[%clk 1:10:15]} b5
{[%clk 1:28:16]} 8. Bd3 {[%clk 1:09:46]} b4 {[%clk 1:26:21]} 9. Ne2
{[%clk 1:10:06]} Qc7 {[%clk 1:26:37]} 10. c3 {[%clk 1:00:29]} a5 {[%clk 1:20:57]}
11. Rc1 {[%clk 1:00:32]} Nbd7 {[%clk 1:17:45]} 12. O-O {[%clk 0:45:06]} Bb7
{[%clk 1:12:52]} 13. c4 {[%clk 0:44:28]} e5 {[%clk 1:10:07]} 14. fxe5
{[%clk 0:42:30]} dxe5 {[%clk 1:09:51]} 15. d5 {[%clk 0:42:40]} Ne8
{[%clk 1:08:05]} 16. g4 {[%clk 0:39:32]} c5 {[%clk 1:05:31]} 17. Ng3
{[%clk 0:39:01]} Nd6 {[%clk 1:05:12]} 18. Qc2 {[%clk 0:29:04]} Rae8
{[%clk 1:00:33]} 19. g5 {[%clk 0:27:55]} Bc8 {[%clk 0:57:00]} 20. Qf2
{[%clk 0:25:27]} Nb7 {[%clk 0:53:05]} 21. Qg2 {[%clk 0:22:05]} f5
{[%clk 0:47:06]} 22. gxf6 {[%clk 0:17:08]} Nxf6 {[%clk 0:47:32]} 23. Rf2
{[%clk 0:16:17]} Bd7 {[%clk 0:47:25]} 24. Kh1 {[%clk 0:14:17]} Qc8
{[%clk 0:45:38]} 25. Ng1 {[%clk 0:14:42]} Rf7 {[%clk 0:44:17]} 26. Rcf1
{[%clk 0:14:48]} Ref8 {[%clk 0:44:46]} 27. Bg5 {[%clk 0:14:17]} Nd6
{[%clk 0:43:02]} 28. Be3 {[%clk 0:10:34]} Kh8 {[%clk 0:40:55]} 29. Bg5
{[%clk 0:08:52]} h6 {[%clk 0:39:25]} 30. Bxf6 {[%clk 0:08:59]} Rxf6
{[%clk 0:39:46]} 31. Rxf6 {[%clk 0:09:13]} Rxf6 {[%clk 0:40:14]} 32. Rxf6
{[%clk 0:08:05]} Bxf6 {[%clk 0:40:43]} 33. Kh2 {[%clk 0:08:07]} Bg5
{[%clk 0:40:11]} 34. Qf2 {[%clk 0:07:14]} h5 {[%clk 0:31:53]} 35. N3e2
{[%clk 0:05:30]} Kg7 {[%clk 0:30:39]} 36. Nf3 {[%clk 0:04:14]} Qf8
{[%clk 0:27:00]} 37. Qg3 {[%clk 0:03:59]} h4 {[%clk 0:10:52]} 38. Qxe5+
{[%clk 0:03:30]} Kg8 {[%clk 0:11:22]} 39. Nxg5 {[%clk 0:01:50]} Qf2+
{[%clk 0:11:50]} 40. Kh1 {[%clk 0:32:10]} Bxh3 {[%clk 0:39:06]} 41. Qh2
{[%clk 0:26:43]} Qe1+ {[%clk 0:37:38]} 42. Ng1 {[%clk 0:21:46]} 1-0

[Event "MP do 18 lat - chlopcy"]
[Site "Sypniewo"]
[Date "2022.03.21"]
[Round "3.18"]
[White "Kitewski, Bartosz"]
[Black "Haliniak, Wojciech"]
[Result "1/2-1/2"]
[BlackElo "1751"]
[WhiteElo "1870"]
[LiveChessVersion "1.4.8"]

1. d4 {[%clk 1:30:57]} f5 {[%clk 1:30:54]} 2. c4 {[%clk 1:31:21]} Nf6
{[%clk 1:31:19]} 3. g3 {[%clk 1:31:45]} g6 {[%clk 1:31:39]} 4. Bg2
{[%clk 1:32:10]} Bg7 {[%clk 1:32:04]} 5. Nf3 {[%clk 1:32:31]} O-O
{[%clk 1:32:24]} 6. O-O {[%clk 1:32:55]} d6 {[%clk 1:32:45]} 7. Nc3
{[%clk 1:33:13]} Qe8 {[%clk 1:32:52]} 8. b3 {[%clk 1:33:23]} e5 {[%clk 1:28:04]}
9. dxe5 {[%clk 1:33:41]} dxe5 {[%clk 1:28:31]} 10. e4 {[%clk 1:34:06]} f4
{[%clk 1:20:29]} 11. gxf4 {[%clk 1:29:32]} exf4 {[%clk 1:18:15]} 12. e5
{[%clk 1:24:44]} Ng4 {[%clk 1:16:00]} 13. Ba3 {[%clk 1:18:21]} Rf5
{[%clk 1:11:41]} 14. Nd5 {[%clk 1:16:04]} Rf7 {[%clk 0:52:27]} 15. Ng5
{[%clk 1:12:21]} f3 {[%clk 0:44:32]} 16. Bxf3 {[%clk 1:11:15]} Qxe5
{[%clk 0:44:37]} 17. Ne7+ {[%clk 1:02:59]} Rxe7 {[%clk 0:43:01]} 18. Qd8+
{[%clk 1:02:22]} Bf8 {[%clk 0:40:03]} 19. Bd5+ {[%clk 1:02:18]} Kg7
{[%clk 0:38:30]} 20. Nf3 {[%clk 1:01:24]} Re8 {[%clk 0:35:13]} 21. Bxf8+
{[%clk 0:40:42]} Rxf8 {[%clk 0:32:27]} 22. Qxf8+ {[%clk 0:36:23]} Kxf8
{[%clk 0:32:53]} 23. Nxe5 {[%clk 0:36:48]} Nxe5 {[%clk 0:32:31]} 24. f4
{[%clk 0:26:08]} Ng4 {[%clk 0:32:00]} 25. f5 {[%clk 0:25:27]} g5 {[%clk 0:32:01]}
26. Rae1 {[%clk 0:20:10]} Nd7 {[%clk 0:27:21]} 27. h3 {[%clk 0:12:24]} Ngf6
{[%clk 0:27:20]} 28. Re6 {[%clk 0:10:50]} Nxd5 {[%clk 0:25:53]} 29. cxd5
{[%clk 0:11:17]} Nb6 {[%clk 0:25:40]} 30. Rh6 {[%clk 0:11:43]} Kg7
{[%clk 0:25:01]} 31. Rh5 {[%clk 0:11:58]} Nxd5 {[%clk 0:23:38]} 32. Rxg5+
{[%clk 0:11:03]} Kf7 {[%clk 0:23:56]} 33. f6 {[%clk 0:10:01]} Nxf6
{[%clk 0:23:28]} 34. Rg3 {[%clk 0:10:22]} Be6 {[%clk 0:23:29]} 35. Kh2
{[%clk 0:09:37]} Bd5 {[%clk 0:22:30]} 36. Rg5 {[%clk 0:09:23]} Rd8
{[%clk 0:21:29]} 37. Rfg1 {[%clk 0:07:42]} Be4 {[%clk 0:18:19]} 38. Rg7+
{[%clk 0:06:42]} Ke6 {[%clk 0:18:48]} 39. Rxc7 {[%clk 0:07:10]} Nh5
{[%clk 0:15:49]} 40. Rg4 {[%clk 0:35:48]} Bf3 {[%clk 0:45:18]} 41. Rg5
{[%clk 0:35:53]} Rd2+ {[%clk 0:44:39]} 42. Kg1 {[%clk 0:36:15]} Nf4
{[%clk 0:44:58]} 43. Rxh7 {[%clk 0:35:48]} Kf6 {[%clk 0:39:17]} 44. Rg8
{[%clk 0:34:11]} Bh5 {[%clk 0:33:20]} 45. h4 {[%clk 0:28:32]} Bf7
{[%clk 0:20:50]} 46. Rg4 {[%clk 0:22:11]} Ng6 {[%clk 0:15:25]} 47. h5
{[%clk 0:18:42]} Ne5 {[%clk 0:15:50]} 48. Rf4+ {[%clk 0:18:44]} Ke6
{[%clk 0:15:55]} 49. h6 {[%clk 0:17:53]} Rxa2 50. Rf2 {[%clk 0:07:55]} Rxf2
{[%clk 0:10:40]} 51. Kxf2 {[%clk 0:08:22]} Kf6 {[%clk 0:08:42]} 52. Rg7
{[%clk 0:07:57]} a5 {[%clk 0:07:30]} 53. Rg3 {[%clk 0:07:53]} Bg6
{[%clk 0:07:24]} 54. Ke3 {[%clk 0:07:26]} Bf5 {[%clk 0:06:24]} 55. Kd4
{[%clk 0:06:34]} Nf7 {[%clk 0:06:17]} 56. Kc5 {[%clk 0:05:07]} Nxh6
{[%clk 0:06:25]} 57. Kb6 {[%clk 0:05:10]} Be4 {[%clk 0:06:43]} 58. Re3
{[%clk 0:04:29]} Bd5 {[%clk 0:06:41]} 59. Kxa5 {[%clk 0:04:25]} Nf5
{[%clk 0:06:56]} 60. Rd3 {[%clk 0:04:16]} Ke5 {[%clk 0:06:58]} 61. Kb6
{[%clk 0:04:14]} Nd4 {[%clk 0:05:57]} 62. b4 {[%clk 0:03:55]} Bc6
{[%clk 0:05:11]} 63. Rh3 {[%clk 0:03:58]} Nf5 {[%clk 0:04:27]} 64. b5
{[%clk 0:02:21]} Be4 {[%clk 0:04:30]} 65. Kc7 {[%clk 0:02:29]} Kd4
{[%clk 0:03:42]} 66. Rh5 {[%clk 0:02:32]} Ng7 {[%clk 0:03:21]} 67. Rh4
{[%clk 0:02:09]} Ne6+ {[%clk 0:03:49]} 68. Kb6 {[%clk 0:01:59]} Nd8
{[%clk 0:03:48]} 1/2-1/2

[Event "MP do 18 lat - chlopcy"]
[Site "Sypniewo"]
[Date "2022.03.21"]
[Round "3.19"]
[White "Jozefik, Aleksander"]
[Black "Lenart, Jakub"]
[Result "0-1"]
[BlackElo "1792"]
[WhiteElo "1729"]
[LiveChessVersion "1.4.8"]

1. e4 {[%clk 1:30:57]} d6 {[%clk 1:27:17]} 2. d4 {[%clk 1:31:06]} Nf6
{[%clk 1:27:22]} 3. Nc3 {[%clk 1:31:01]} e5 {[%clk 1:27:28]} 4. dxe5
{[%clk 1:27:55]} dxe5 {[%clk 1:27:42]} 5. Qxd8+ {[%clk 1:26:52]} Kxd8
{[%clk 1:28:05]} 6. Nf3 {[%clk 1:24:24]} Bd6 {[%clk 1:27:11]} 7. Bg5
{[%clk 1:23:31]} Be6 {[%clk 1:25:13]} 8. O-O-O {[%clk 1:21:21]} Nbd7
{[%clk 1:22:26]} 9. Bb5 {[%clk 1:09:41]} Kc8 {[%clk 1:09:30]} 10. h3
{[%clk 0:58:56]} a6 {[%clk 1:05:33]} 11. Bxd7+ {[%clk 0:55:15]} Nxd7
{[%clk 1:05:20]} 12. Be3 {[%clk 0:55:00]} f6 {[%clk 1:01:48]} 13. a3
{[%clk 0:46:54]} b6 {[%clk 0:57:14]} 14. Rd2 {[%clk 0:43:16]} Kb7
{[%clk 0:36:16]} 15. Rhd1 {[%clk 0:39:33]} Nc5 {[%clk 0:24:49]} 16. Ne1
{[%clk 0:27:04]} g5 {[%clk 0:21:34]} 17. Nd3 {[%clk 0:23:27]} Nxd3+
{[%clk 0:21:28]} 18. Rxd3 {[%clk 0:23:42]} Rae8 {[%clk 0:16:47]} 19. Nd5
{[%clk 0:21:02]} Be7 {[%clk 0:16:23]} 20. c4 {[%clk 0:15:53]} Bd8
{[%clk 0:09:57]} 21. c5 {[%clk 0:13:09]} b5 {[%clk 0:08:05]} 22. Nb4
{[%clk 0:09:53]} c6 {[%clk 0:05:43]} 23. f3 {[%clk 0:01:14]} Bc7 {[%clk 0:05:06]}
24. Nc2 {[%clk 0:00:36]} h5 {[%clk 0:04:32]} 25. Bf2 {[%clk 0:00:38]} Rhg8
{[%clk 0:04:23]} 26. Ne3 {[%clk 0:00:37]} a5 {[%clk 0:04:14]} 27. b4
{[%clk 0:00:33]} axb4 {[%clk 0:03:42]} 28. axb4 {[%clk 0:01:01]} Ra8
{[%clk 0:04:06]} 29. Kd2 {[%clk 0:00:41]} Ra2+ {[%clk 0:03:01]} 30. Ke1
{[%clk 0:01:05]} Rb2 {[%clk 0:02:53]} 31. Ra1 {[%clk 0:01:08]} Ra8
{[%clk 0:02:35]} 32. Rxa8 {[%clk 0:00:42]} Kxa8 {[%clk 0:03:00]} 33. Nf5
{[%clk 0:01:03]} Rxb4 {[%clk 0:02:38]} 34. Ne7 {[%clk 0:00:37]} Kb7
{[%clk 0:01:36]} 35. Be3 {[%clk 0:00:32]} Ba5 {[%clk 0:00:57]} 36. Kd1
{[%clk 0:00:53]} Bc7 {[%clk 0:00:48]} 37. Ra3 {[%clk 0:01:00]} Ra4
{[%clk 0:00:40]} 38. Rd3 {[%clk 0:00:47]} Ra1+ {[%clk 0:00:46]} 39. Bc1
{[%clk 0:00:44]} Ra2 {[%clk 0:00:54]} 40. Bd2 {[%clk 0:30:49]} Ra1+
{[%clk 0:30:40]} 41. Bc1 {[%clk 0:28:56]} Ra2 {[%clk 0:25:17]} 42. Bd2
{[%clk 0:29:07]} h4 {[%clk 0:22:50]} 43. Ng6 {[%clk 0:27:41]} Ra1+
{[%clk 0:21:35]} 44. Kc2 {[%clk 0:27:25]} Rg1 {[%clk 0:18:25]} 45. Nf8
{[%clk 0:27:18]} Bc8 {[%clk 0:18:27]} 46. Nh7 {[%clk 0:26:17]} Rxg2
{[%clk 0:17:40]} 47. Nxf6 {[%clk 0:26:38]} Bxh3 {[%clk 0:16:33]} 48. f4
{[%clk 0:26:04]} Bc8 {[%clk 0:14:46]} 49. f5 {[%clk 0:23:57]} g4 {[%clk 0:14:40]}
50. Kb3 {[%clk 0:22:54]} h3 {[%clk 0:14:07]} 51. Nxg4 {[%clk 0:22:30]} Rxg4
{[%clk 0:14:25]} 52. Rxh3 {[%clk 0:22:56]} Rxe4 {[%clk 0:14:48]} 53. Rf3
{[%clk 0:23:19]} Rd4 {[%clk 0:14:37]} 54. f6 {[%clk 0:22:45]} Rxd2
{[%clk 0:13:05]} 55. f7 {[%clk 0:23:08]} Be6+ {[%clk 0:13:22]} 56. Kb4
{[%clk 0:22:33]} Rb2+ {[%clk 0:12:49]} 0-1

[Event "MP do 18 lat - chlopcy"]
[Site "Sypniewo"]
[Date "2022.03.21"]
[Round "3.20"]
[White "Sidorczuk, Pawel"]
[Black "Skurniak, Szymon"]
[Result "1-0"]
[BlackElo "2032"]
[WhiteElo "1917"]
[LiveChessVersion "1.4.8"]

1. e4 {[%clk 1:30:59]} c5 {[%clk 1:30:55]} 2. Nf3 {[%clk 1:31:23]} d6
{[%clk 1:31:20]} 3. Bb5+ {[%clk 1:31:49]} Nd7 {[%clk 1:31:43]} 4. d4 cxd4
{[%clk 1:28:58]} 5. Qxd4 {[%clk 1:32:38]} a6 {[%clk 1:26:30]} 6. Be2
{[%clk 1:32:37]} e5 {[%clk 1:22:44]} 7. Qe3 {[%clk 1:32:17]} Ngf6
{[%clk 1:21:18]} 8. O-O {[%clk 1:32:19]} Be7 {[%clk 1:18:24]} 9. c4
{[%clk 1:31:08]} O-O {[%clk 1:13:17]} 10. Nc3 {[%clk 1:30:54]} Nc5
{[%clk 0:56:02]} 11. h3 {[%clk 1:23:15]} Bd7 {[%clk 0:50:29]} 12. b4
{[%clk 1:13:20]} Ne6 {[%clk 0:42:24]} 13. Bb2 {[%clk 1:08:07]} Nf4
{[%clk 0:39:11]} 14. Rfd1 {[%clk 1:00:30]} Qb8 {[%clk 0:31:09]} 15. Rac1
{[%clk 0:51:49]} b5 {[%clk 0:23:25]} 16. c5 {[%clk 0:47:47]} dxc5
{[%clk 0:22:19]} 17. bxc5 {[%clk 0:46:34]} Bc6 {[%clk 0:18:05]} 18. Bf1
{[%clk 0:40:20]} b4 {[%clk 0:13:52]} 19. Nd5 {[%clk 0:39:57]} N4xd5
{[%clk 0:13:30]} 20. exd5 {[%clk 0:39:07]} Nxd5 {[%clk 0:12:42]} 21. Qe4
{[%clk 0:34:55]} Nc3 {[%clk 0:03:46]} 22. Qxc6 {[%clk 0:35:09]} Rc8
{[%clk 0:03:41]} 23. Qd7 {[%clk 0:32:12]} Nxd1 {[%clk 0:03:51]} 24. Qxd1
{[%clk 0:30:55]} Bxc5 {[%clk 0:02:41]} 25. Qd5 {[%clk 0:29:54]} Qa7
{[%clk 0:02:13]} 26. Qxe5 {[%clk 0:28:46]} Bf8 {[%clk 0:02:06]} 27. Bc4
{[%clk 0:27:55]} h6 {[%clk 0:01:44]} 28. Qf4 {[%clk 0:26:41]} Rc7
{[%clk 0:01:13]} 29. Ne5 {[%clk 0:26:25]} Rd8 {[%clk 0:01:03]} 30. Ng4
{[%clk 0:25:31]} Qc5 {[%clk 0:00:52]} 31. Nxh6+ {[%clk 0:24:59]} gxh6
{[%clk 0:00:33]} 32. Qf6 {[%clk 0:25:28]} Kh7 {[%clk 0:00:44]} 33. Bd3+
{[%clk 0:25:24]} Rxd3 {[%clk 0:01:01]} 34. Rxc5 {[%clk 0:25:49]} Rxc5
{[%clk 0:01:21]} 35. Qxf7+ {[%clk 0:26:14]} Bg7 {[%clk 0:01:46]} 36. Qxg7#
{[%clk 0:26:40]} 1-0

[Event "MP do 18 lat - chlopcy"]
[Site "Sypniewo"]
[Date "2022.03.21"]
[Round "3.21"]
[White "Kalkowski, Igor"]
[Black "Ciborowski, Konrad Jr"]
[Result "0-1"]
[BlackElo "1869"]
[WhiteElo "1934"]
[LiveChessVersion "1.4.8"]

1. e4 {[%clk 1:30:57]} e6 {[%clk 1:30:49]} 2. d3 {[%clk 1:31:15]} c5
{[%clk 1:31:16]} 3. Nf3 {[%clk 1:31:37]} d6 {[%clk 1:31:42]} 4. g3
{[%clk 1:31:50]} b6 {[%clk 1:32:01]} 5. Bg2 {[%clk 1:32:14]} Bb7 {[%clk 1:32:29]}
6. O-O {[%clk 1:32:26]} Nf6 {[%clk 1:32:56]} 7. Nbd2 {[%clk 1:25:13]} Be7
{[%clk 1:33:07]} 8. a4 {[%clk 1:25:37]} O-O {[%clk 1:33:15]} 9. a5
{[%clk 1:21:47]} b5 {[%clk 1:32:59]} 10. Re1 {[%clk 1:21:45]} a6 {[%clk 1:33:18]}
11. e5 {[%clk 1:20:20]} Nfd7 {[%clk 1:22:46]} 12. exd6 {[%clk 1:14:03]} Bxd6
{[%clk 1:23:11]} 13. Ne4 {[%clk 1:10:19]} Bc7 {[%clk 1:23:28]} 14. Bg5
{[%clk 1:01:10]} f6 {[%clk 1:22:36]} 15. Bd2 {[%clk 0:53:18]} Nc6
{[%clk 1:22:19]} 16. Bh3 {[%clk 0:53:07]} Re8 {[%clk 1:16:21]} 17. Nfg5
{[%clk 0:40:11]} fxg5 {[%clk 1:12:56]} 18. Nxg5 {[%clk 0:40:12]} Nf8
{[%clk 1:12:44]} 19. Qh5 {[%clk 0:31:54]} Nd4 {[%clk 1:01:57]} 20. c3
{[%clk 0:28:40]} Qd5 {[%clk 0:56:21]} 21. Qf7+ {[%clk 0:29:08]} Kh8
{[%clk 0:56:44]} 22. Re4 {[%clk 0:28:51]} Nb3 {[%clk 0:56:02]} 23. Qxc7
{[%clk 0:25:43]} Nxd2 {[%clk 0:55:42]} 24. Bg2 {[%clk 0:17:43]} Qxg5
{[%clk 0:53:12]} 0-1

[Event "MP do 18 lat - chlopcy"]
[Site "Sypniewo"]
[Date "2022.03.21"]
[Round "3.22"]
[White "Kietrys, Maciej"]
[Black "Zabron, Maksym"]
[Result "1/2-1/2"]
[BlackElo "1934"]
[WhiteElo "1882"]
[LiveChessVersion "1.4.8"]

1. e4 {[%clk 1:30:58]} c5 {[%clk 1:30:20]} 2. Nf3 {[%clk 1:31:13]} e6
{[%clk 1:30:44]} 3. g3 {[%clk 1:30:48]} Nc6 {[%clk 1:30:48]} 4. Bg2
{[%clk 1:31:14]} Nf6 {[%clk 1:27:16]} 5. d3 {[%clk 1:30:58]} d6 {[%clk 1:23:59]}
6. O-O {[%clk 1:30:56]} Be7 {[%clk 1:18:07]} 7. Re1 {[%clk 1:30:19]} O-O
{[%clk 1:18:03]} 8. c3 {[%clk 1:27:59]} Bd7 {[%clk 1:13:14]} 9. Nbd2
{[%clk 1:23:12]} b5 {[%clk 1:04:26]} 10. e5 {[%clk 1:14:58]} dxe5
{[%clk 1:03:12]} 11. Nxe5 {[%clk 1:13:52]} Nxe5 {[%clk 0:54:33]} 12. Rxe5
{[%clk 1:13:31]} Qc7 {[%clk 0:52:23]} 13. Re1 {[%clk 1:12:39]} Bc6
{[%clk 0:52:47]} 14. Ne4 {[%clk 1:12:19]} Nxe4 {[%clk 0:48:18]} 15. Bxe4 Rfd8
{[%clk 0:38:39]} 16. Qe2 {[%clk 1:06:16]} Bxe4 {[%clk 0:30:23]} 17. dxe4
{[%clk 1:01:47]} c4 {[%clk 0:30:18]} 18. Be3 {[%clk 1:02:12]} Rd3
{[%clk 0:27:53]} 19. Rad1 {[%clk 0:53:55]} Rad8 {[%clk 0:27:58]} 20. Rxd3
{[%clk 0:53:49]} cxd3 {[%clk 0:21:25]} 21. Qd2 {[%clk 0:51:10]} a5
{[%clk 0:20:56]} 22. f3 {[%clk 0:46:13]} b4 {[%clk 0:17:15]} 23. Rc1
{[%clk 0:44:04]} bxc3 {[%clk 0:17:41]} 24. Qxc3 {[%clk 0:43:12]} Qb7
{[%clk 0:09:51]} 25. Rd1 {[%clk 0:24:03]} Bf6 {[%clk 0:01:42]} 26. Rxd3
{[%clk 0:20:12]} Rc8 {[%clk 0:02:03]} 27. Qd2 {[%clk 0:15:04]} Qxb2
{[%clk 0:01:58]} 28. Qxb2 {[%clk 0:15:10]} Bxb2 {[%clk 0:02:23]} 29. Bb6
{[%clk 0:13:04]} Bc3 {[%clk 0:02:44]} 30. Kf2 {[%clk 0:11:28]} Kf8
{[%clk 0:01:55]} 1/2-1/2